1852 1753 1070 1063 1714 1209 1888 1312 1091 1190 1879 1895 1692 1729 1325 1619 1899 1578 1992 1026 1596 1978 1428 1676 1884 1083 1119 1931 1282 1736 1097 1785 1727 1966 1005 1423 1228 1084 1691 1174 1626 1336 1235 1556 1927 1124 1647 1020 1272 1091 1980 1879 1916 1863 1724 1180 1294 1095 1784 1046 1943 1734 1079 1963 1741 1629 1569 1928 1470 1090 1827 1543 1788 1650 1289 1280 1867 1822 1769 1298 1839 1230 1434 1892 1948 1096 1254 1896 1277 1612 1241 1798 1907 1055 1403 1185 1280 1649 1573 BCNSPRNW ULIB Ver.6.0+V

เปลี่ยนเป็นภาษาไทย

Change to English
 แสดงรายละเอียดบรรณานุกรม
  กลับหน้าหลัก

Brief Record : Get Marc (ISO 2709) : E-mail record : QR code < ปิดหน้าต่าง
LEADER : 00000nam 2200000uu 4500
001    13399114957
003     ULIB
008    110627s2551||||th 000 0 tha d
090    นว.^bP111ห ล2
245 00 หนุ่มแสบสาววุ่น2 : ชุลมุนโรงเรียนปีศาจ/^c
260    กรุงเทพฯ :^b,^c2551
300     หน้า
945    ^p0^l0^i024499
995    ทศพร
999 ^a ใช้งานได้ทุกระบบ
รายการนี้ยังไม่มีแท็ก
คุณยังไม่ได้ล็อกอิน คุณสามารถมีกิจกรรมร่วมกับเว็บไซต์ได้ แต่ต้องล็อกอินก่อน ::
  ล็อกอิน

รายการสื่อสารสนเทศ

ลำดับที่ ประเภท เลขเรียก/บาร์โค้ด สถานที่ สถานะ
1. นวนิยาย
นวนิยาย
นว. P111ห ล2 ฉ.1 
  Barcode: 024499
ห้องสมุดวิทยาเขตสวรรค์ประชารักษ์
►นวนิยาย
บนชั้น
  ขอยืม

BibComment


ยังไม่เคยถูกคอมเมนท์

คอมเมนท์ทรัพยากรรายการนี้
  คอมเมนท์: หนุ่มแสบสาววุ่น2 ..


 Copyright 2026. Bcnsprnw @Library